00697nam a22002057a 4500003000400000020001400004082001900018245005000037260004500087300001000132440004500142546001200187650002600199650003400225650002200259700001500281942001300296999001900309952016300328OSt a052121585 a594.11bBAY/MA aMarine mussels:btheir ecology and physiology aLondonbCambridge university pressc1976 a506p. aInternational Biological ProgrammevV.10 aEnglish aMussels and pollution aThe biology of mussels larvae aEnergy metabolism aBayne, B L 2ddccREF c162562d162562 00102ddc40708GenaKAUCLVbKAUCLVcGENERALd2018-11-13l0o594.11 BAY/MAp906410r2018-11-13 00:00:00yBKzBook transferred from CoH Library, Acc.No: 12612